000 00622nam a22002053a 4500
005 20220603063609.0
008 011011s1998 mx r 000 0 spa d
020 _a9687444347 (Corunda)
020 _a9701815785 (CNCA)
035 _aUPN01000112824
049 _aI
050 4 _aPZ74
_bH5.2
100 1 _aHiriart, Berta,
_d1950-
_932013
245 1 3 _aEl club del revés /
_cBerta Hiriart ; il. Rosario Valderrama.
260 _aMéxico :
_bCorunda :
_bCNCA,
_cc1998.
300 _a24 p. :
_bil. col.
440 3 _aEl sueño del dragón.
_pMis segundas lecturas
650 4 _aCuentos infantiles
_96744
905 _aInfantil
999 _c86732
_d86732